Social & cultural anthropology (Record no. 62052)
[ view plain ]
| 000 -LEADER | |
|---|---|
| fixed length control field | 00520nam a2200193Ia 4500 |
| 001 - CONTROL NUMBER | |
| control field | 61609 |
| 008 - FIXED-LENGTH DATA ELEMENTS--GENERAL INFORMATION | |
| fixed length control field | 141120s9999 xx 000 0 und d |
| 020 ## - INTERNATIONAL STANDARD BOOK NUMBER | |
| International Standard Book Number | 9780192853462 |
| 040 ## - CATALOGING SOURCE | |
| Transcribing agency | PK-LaUMT |
| 082 ## - DEWEY DECIMAL CLASSIFICATION NUMBER | |
| Classification number | 306 |
| Item number | MON-S |
| 100 ## - MAIN ENTRY--PERSONAL NAME | |
| Personal name | Monaghan, John |
| 245 ## - TITLE STATEMENT | |
| Title | Social & cultural anthropology |
| Remainder of title | a very short introduction |
| Statement of responsibility, etc | Monaghan, John|Just, Peter |
| 260 ## - PUBLICATION, DISTRIBUTION, ETC. (IMPRINT) | |
| Place of publication, distribution, etc | Oxford,USA: |
| Name of publisher, distributor, etc | Oxford University Press, |
| Date of publication, distribution, etc | 2000 |
| 300 ## - PHYSICAL DESCRIPTION | |
| Extent | 160 p. |
| 546 ## - LANGUAGE NOTE | |
| Language note | EN |
| 650 ## - SUBJECT ADDED ENTRY--TOPICAL TERM | |
| Topical term or geographic name as entry element | Anthropology |
| 700 ## - ADDED ENTRY--PERSONAL NAME | |
| Personal name | Just, Peter |
| 942 ## - ADDED ENTRY ELEMENTS (KOHA) | |
| Koha item type | Books |
| Withdrawn status | Lost status | Source of classification or shelving scheme | Damaged status | Not for loan | Home library | Current library | Date acquired | Total Checkouts | Full call number | Barcode | Date last seen | Date checked out | Price effective from | Koha item type |
|---|---|---|---|---|---|---|---|---|---|---|---|---|---|---|
| Dewey Decimal Classification | UMT Main Campus | UMT Main Campus | 2014-11-18 | 1 | 306 MON-S | 82738 | 2016-01-11 | 2015-08-31 | 2014-11-20 | Books | ||||
| Dewey Decimal Classification | UMT Main Campus | UMT Main Campus | 2014-11-24 | 5 | 306 MON-S | 82739 | 2026-03-17 | 2026-01-12 | 2014-11-24 | Books | ||||
| Dewey Decimal Classification | UMT Main Campus | UMT Main Campus | 2014-11-24 | 306 MON-S | 82740 | 2014-11-24 | 2014-11-24 | Books |
